| 000 | 00812cam a22002651 4500 | ||
|---|---|---|---|
| 001 | 30835 | ||
| 003 | BD-RjUL | ||
| 005 | 20211209051625.0 | ||
| 008 | 140412s1963 pau 000 0 eng d | ||
| 035 | _a(BD-RjUL)30922 | ||
| 035 | _a(OCoLC)718316 | ||
| 040 |
_aDLC _cOTU _dDCHS _dDLC _dBD-RjUL _beng |
||
| 041 | 1 |
_aeng _hara |
|
| 082 | 0 | 0 |
_a185 _bALS 1963 |
| 100 | 0 |
_aAl-Fārābī. _993654 |
|
| 245 | 0 | 0 |
_aShort commentary on Aristotle's Prior analytics / _cTranslated from the original Arabic with introd. and notes by Nicholas Rescher. |
| 260 |
_aPittsburgh : _bUniversity of Pittsburgh Press, _c1963. |
||
| 300 |
_a132 p. ; _c20 cm. |
||
| 600 | 0 | 0 |
_aAristotle. _993658 |
| 650 | 0 |
_aLogic. _993656 |
|
| 700 | 1 |
_aRescher, Nicholas. _9713 |
|
| 942 |
_2ddc _cBK |
||
| 999 |
_c30835 _d30835 |
||